Normal view
MARC view
Entry Personal Name
001 - CONTROL NUMBER
- control field: 12917
003 - CONTROL NUMBER IDENTIFIER
- control field: BD-RjUL
005 - DATE AND TIME OF LATEST TRANSACTION
- control field: 20240509101907.0
008 - FIXED-LENGTH DATA ELEMENTS
- fixed length control field: 240509|| aca||aabn | a|a d
040 ## - CATALOGING SOURCE
- Original cataloging agency: BD-RjUL
- Transcribing agency: BD-RjUL
100 ## - HEADING--PERSONAL NAME
- Personal name: Sima, Shamima Nasrin
670 ## - SOURCE DATA FOUND
- Source citation: Work cat.: (BD-RjUL)83697: Sima, Shamima Nasrin, Studies on Culm Anatomy and Yield Related Traits in some Genotypes of Wheat (Triticum Aestivum L.) / , 2010